01263nam a2200193Ia 4500001001100000003001000011008004100021040002500062041001600087100004500103245012000148250001100268260008500279300002800364500026000392501011400652520026000766650004301026A085-34617IT-CnALBA170116s9999||||xx |||||||||||||| ||und|| aIT-CnALBAcIT-CnALBA aPOLIGLOTTA  aBOSSUET JACQUES-BENIGNE VESCOVO DI MEAUX 0aOEUVRES DE MESSIRE JACQUE-BENIGNE BUSSUET. TOME XII. TRAITÈ DE L'AMOUR DE DIEU. ABREGÈ DE LHISTOIRE DE FRANCE.  a1a ed. a LIEGEbLIBRAIRES (LES) ASSOCIES c1767 [1° Ed.:1767 - Ed.Ling.Originale: 1767] a650 p. (prefazione: 16) aBIBLIOTECA CANONICO CHIESA. TRATTATO DELL'AMOR DI DIO NECESSARIO AL SACRAMENTO DELLA PENITENZA. ASSEMBLEA GENERALE DEL CLERO 1700. LETTERE SULLA CONFESSIONE GENERALE. PREGHIERA. PRATICA DELLA PERFEZIONE. MALATTIA. AUSTERITA'. LETTERE DI S. AGOSTINO. SUNTO aSocietà San Paolo EM - Piazza San Paolo, 14 - 12051 ALBA (CN) (non commercial uses only) ® Copyright 2017 aBIBLIOTECA CANONICO CHIESA. TRATTATO DELL'AMOR DI DIO NECESSARIO AL SACRAMENTO DELLA PENITENZA. ASSEMBLEA GENERALE DEL CLERO 1700. LETTERE SULLA CONFESSIONE GENERALE. PREGHIERA. PRATICA DELLA PERFEZIONE. MALATTIA. AUSTERITA'. LETTERE DI S. AGOSTINO. SUNTO aRACCOLTE DI CARATTERE GEN. IN ITALIANO